000 00605nam a2200217 a 4500
001 000005805
005 20200929151806.0
008 090824s2009 dr 000 f spa d
020 _a9789945068498
040 _aDO-SdBNP
_bspa
_cBNPHU
082 _a883.1
_bL859d
100 1 _aLongus
_916417
245 1 0 _aDafnis y Cloe /
_cLongo de Lesbos.
260 _aSanto Domingo :
_bSantuario,
_c2009.
300 _a128 p. ;
_c22 cm.
490 1 _aSantuario
650 4 _aNovela griega
_916418
650 4 _aLiteratura griega
_92386
830 0 _aSantuario
_91539
910 _aValidado. Control de calidad MMOLINA
999 _c5601
_d5601